=LDR 00000nam 2200000 4500 =001 INLIS000000000029474 =005 20200625090057 =035 ##$$a 0010-061300000029474 =008 200625################g##########0#ind## =041 ##$$a Ind =082 ##$$a 2x0.000 7 =090 ##$$a 2x0.000 7, Rah s =100 ##$$a Rahbar, Faramarz Bin Muhammad =245 1#$$a Selamatkan putra-putrimu dari lingkungan tidak islami /$c Faramarz Bin Muhammad Rahbar =260 ##$$a Yogyakarta :$b Mitra Pustaka,$c 1999 =300 ##$$a xii, 164 hlm. ; $c 12x19 cm. =650 #4$$a Agama islam =850 ##$$a NBPNMAT =084 ##$$a 2x0.000 7 RAH s =250 ##$$a cet.2 =990 ##$$a 160.286/pb.2001